| 000 | 00812nam a2200241 a 4500 | ||
|---|---|---|---|
| 001 | BRCA_8340 | ||
| 005 | 20190320210235.0 | ||
| 008 | 110714s1952----mx-a###f##---#001-0#fre-# | ||
| 041 | _afre | ||
| 044 | _amx | ||
| 050 | 4 |
_aN6550.M49 _b.B4 1952 |
|
| 100 | 1 |
_aBenítez, Fernando _912903 |
|
| 245 | 1 | 0 |
_aMexico en el arte _bedition speciale en francaise _cpar Fernando Benítez, Paul Westheim, Miguel Covarrubias ... [et al.]. |
| 260 |
_aMéxico _bTalleres Gráficos de la Nación _c1952 |
||
| 300 |
_a229 p. _bil. (algunas a color) _c30 cm. |
||
| 500 | _aPublicación periódica inventariada como libro por el Banco de México | ||
| 500 | _aR62 | ||
| 651 | 4 |
_aMéxico _xArte _95604 |
|
| 700 | 1 |
_aWestheim, Paul _ecoaut. _96016 |
|
| 700 | 1 |
_aCovarrubias, Miguel _ecoaut. _910199 |
|
| 902 | _aGFM | ||
| 942 |
_2lcc _cB |
||
| 999 |
_c8008 _d8008 |
||